000 00417nam a2200181Ia 4500
005 20250603144652.0
008 250603s9999 xx 000 0 und d
020 _a9780470770
050 _aQA 155 .A44/
100 _aAlex, Sheldon
245 0 _aCollege algebra
260 _aUNited States
260 _bJohn Wiley & sons, inc.
260 _c2011
300 _a505 p
650 _aUNited States
942 _cBK
999 _c39600
_d39600